<?xml version="1.0" encoding="UTF-8"?>
<record
    xmlns:xsi="http://www.w3.org/2001/XMLSchema-instance"
    xsi:schemaLocation="http://www.loc.gov/MARC21/slim http://www.loc.gov/standards/marcxml/schema/MARC21slim.xsd"
    xmlns="http://www.loc.gov/MARC21/slim">

  <leader>01562    a2200241   4500</leader>
  <controlfield tag="001">2162214035926813</controlfield>
  <controlfield tag="003">UA-OsUOA</controlfield>
  <controlfield tag="005">20260512160732.0</controlfield>
  <controlfield tag="008">260512b        un ||||| |||| 00| 0 ukr d</controlfield>
  <datafield tag="020" ind1=" " ind2=" ">
    <subfield code="a">9789663401973</subfield>
  </datafield>
  <datafield tag="040" ind1=" " ind2=" ">
    <subfield code="a">UA-OsUOA</subfield>
    <subfield code="b">ukr</subfield>
    <subfield code="c">UA-OsUOA</subfield>
    <subfield code="d">UA-OsUOA</subfield>
  </datafield>
  <datafield tag="041" ind1=" " ind2=" ">
    <subfield code="a">ukr</subfield>
  </datafield>
  <datafield tag="080" ind1=" " ind2=" ">
    <subfield code="a">94(477.51)</subfield>
  </datafield>
  <datafield tag="090" ind1=" " ind2=" ">
    <subfield code="a">94(477.51)</subfield>
    <subfield code="b">&#x41C;65</subfield>
  </datafield>
  <datafield tag="245" ind1=" " ind2=" ">
    <subfield code="a">&#x41C;&#x456;&#x441;&#x442;&#x435;&#x447;&#x43A;&#x43E; &#x43D;&#x430;&#x434; &#x421;&#x43D;&#x43E;&#x432;&#x43E;&#x43C;</subfield>
    <subfield code="b">&#x437;&#x431;&#x456;&#x440;&#x43D;&#x438;&#x43A; &#x441;&#x442;&#x430;&#x442;&#x435;&#x439; &#x456; &#x43C;&#x430;&#x442;&#x435;&#x440;&#x456;&#x430;&#x43B;&#x456;&#x432;</subfield>
    <subfield code="c">&#x440;&#x435;&#x434;. &#x43A;&#x43E;&#x43B;&#x435;&#x433;&#x456;&#x44F;: &#x414;&#x435;&#x43C;&#x447;&#x435;&#x43D;&#x43A;&#x43E; &#x422;. &#x41F;., &#x41A;&#x43E;&#x432;&#x430;&#x43B;&#x435;&#x43D;&#x43A;&#x43E; &#x41E;. &#x411;., &#x41A;&#x43E;&#x432;&#x430;&#x43B;&#x435;&#x43D;&#x43A;&#x43E; &#x412;. &#x41F;.</subfield>
  </datafield>
  <datafield tag="260" ind1=" " ind2=" ">
    <subfield code="a">&#x41D;&#x456;&#x436;&#x438;&#x43D;</subfield>
    <subfield code="b">&#x422;&#x41E;&#x412; "&#x412;&#x438;&#x434;&#x430;&#x432;&#x43D;&#x438;&#x446;&#x442;&#x432;&#x43E; "&#x410;&#x441;&#x43F;&#x435;&#x43A;&#x442;-&#x41F;&#x43E;&#x43B;&#x456;&#x433;&#x440;&#x430;&#x444;"</subfield>
    <subfield code="c">2007</subfield>
  </datafield>
  <datafield tag="300" ind1=" " ind2=" ">
    <subfield code="a">340 &#x441;.</subfield>
  </datafield>
  <datafield tag="520" ind1=" " ind2=" ">
    <subfield code="a">&#x41D;&#x430; &#x43F;&#x456;&#x434;&#x441;&#x442;&#x430;&#x432;&#x456; &#x43F;&#x440;&#x438;&#x437;&#x430;&#x431;&#x443;&#x442;&#x438;&#x445; &#x456; &#x43D;&#x43E;&#x432;&#x43E;&#x432;&#x438;&#x44F;&#x432;&#x43B;&#x435;&#x43D;&#x438;&#x445; &#x434;&#x436;&#x435;&#x440;&#x435;&#x43B;, &#x437;&#x43D;&#x430;&#x447;&#x43D;&#x430; &#x447;&#x430;&#x441;&#x442;&#x438;&#x43D;&#x430; &#x44F;&#x43A;&#x438;&#x445; &#x443;&#x43F;&#x435;&#x440;&#x448;&#x435; &#x437;&#x430;&#x43F;&#x440;&#x43E;&#x432;&#x430;&#x434;&#x436;&#x443;&#x454;&#x442;&#x44C;&#x441;&#x44F; &#x434;&#x43E; &#x43D;&#x430;&#x443;&#x43A;&#x43E;&#x432;&#x43E;&#x433;&#x43E; &#x43E;&#x431;&#x456;&#x433;&#x443;, &#x443; &#x437;&#x431;&#x456;&#x440;&#x43D;&#x438;&#x43A;&#x443; &#x432;&#x456;&#x434;&#x442;&#x432;&#x43E;&#x440;&#x435;&#x43D;&#x43E; &#x431;&#x430;&#x433;&#x430;&#x442;&#x435; &#x456;&#x441;&#x442;&#x43E;&#x440;&#x438;&#x447;&#x43D;&#x435; &#x43C;&#x438;&#x43D;&#x443;&#x43B;&#x435; &#x442;&#x430; &#x441;&#x44C;&#x43E;&#x433;&#x43E;&#x434;&#x435;&#x43D;&#x43D;&#x44F; &#x441;&#x442;&#x430;&#x440;&#x43E;&#x432;&#x438;&#x43D;&#x43D;&#x43E;&#x433;&#x43E; &#x43C;&#x456;&#x441;&#x442;&#x435;&#x447;&#x43A;&#x430; &#x43D;&#x430;&#x434; &#x421;&#x43D;&#x43E;&#x432;&#x43E;&#x43C; - &#x421;&#x435;&#x434;&#x43D;&#x435;&#x432;&#x430;, &#x44F;&#x43A;&#x438;&#x439; &#x432;&#x456;&#x434;&#x456;&#x433;&#x440;&#x430;&#x432; &#x43F;&#x43E;&#x43C;&#x456;&#x442;&#x43D;&#x443; &#x440;&#x43E;&#x43B;&#x44C; &#x432; &#x456;&#x441;&#x442;&#x43E;&#x440;&#x456;&#x457; &#x427;&#x435;&#x440;&#x43D;&#x456;&#x433;&#x43E;&#x432;&#x43E;-&#x421;&#x456;&#x432;&#x435;&#x440;&#x449;&#x438;&#x43D;&#x438;.
&#x414;&#x43B;&#x44F; &#x43D;&#x430;&#x443;&#x43A;&#x43E;&#x432;&#x446;&#x456;&#x432;, &#x43F;&#x435;&#x434;&#x430;&#x433;&#x43E;&#x433;&#x456;&#x432;, &#x43A;&#x440;&#x430;&#x454;&#x437;&#x43D;&#x430;&#x432;&#x446;&#x456;&#x432;, &#x443;&#x441;&#x456;&#x445;, &#x445;&#x442;&#x43E; &#x446;&#x456;&#x43A;&#x430;&#x432;&#x438;&#x442;&#x44C;&#x441;&#x44F; &#x456;&#x441;&#x442;&#x43E;&#x440;&#x456;&#x454;&#x44E; &#x427;&#x435;&#x440;&#x43D;&#x456;&#x433;&#x43E;&#x432;&#x43E;-&#x421;&#x456;&#x432;&#x435;&#x449;&#x438;&#x43D;&#x438;.</subfield>
  </datafield>
  <datafield tag="650" ind1=" " ind2=" ">
    <subfield code="a">94(477) &#x406;&#x441;&#x442;&#x43E;&#x440;&#x456;&#x44F; &#x423;&#x43A;&#x440;&#x430;&#x457;&#x43D;&#x438;</subfield>
    <subfield code="9">1446</subfield>
  </datafield>
  <datafield tag="942" ind1=" " ind2=" ">
    <subfield code="c">BK</subfield>
    <subfield code="2">udc</subfield>
  </datafield>
  <datafield tag="955" ind1=" " ind2=" ">
    <subfield code="a">4</subfield>
  </datafield>
  <datafield tag="999" ind1=" " ind2=" ">
    <subfield code="c">580692</subfield>
    <subfield code="d">580692</subfield>
  </datafield>
  <datafield tag="952" ind1=" " ind2=" ">
    <subfield code="0">0</subfield>
    <subfield code="1">0</subfield>
    <subfield code="2">udc</subfield>
    <subfield code="4">0</subfield>
    <subfield code="7">0</subfield>
    <subfield code="8">C_Shevchuk_V.</subfield>
    <subfield code="a">101</subfield>
    <subfield code="b">101</subfield>
    <subfield code="d">2026-05-12</subfield>
    <subfield code="e">&#x410;&#x43A;&#x442; &#x2116;24/28.04.2026</subfield>
    <subfield code="g">15.00</subfield>
    <subfield code="i">169928</subfield>
    <subfield code="l">0</subfield>
    <subfield code="o">94(477.51) &#x41C;65</subfield>
    <subfield code="p">169928</subfield>
    <subfield code="r">2026-05-12 16:02:21</subfield>
    <subfield code="v">15.00</subfield>
    <subfield code="w">2026-05-12</subfield>
    <subfield code="y">BK</subfield>
  </datafield>
</record>
